|
|
|
|
| LEADER |
00965nam a22002657a 4500 |
| 001 |
6994 |
| 003 |
BD-DhAAL |
| 005 |
20200506214445.0 |
| 008 |
160901s 2001enka|||| |||| 001 0 eng d |
| 999 |
|
|
|c 37774
|d 37774
|
| 020 |
|
|
|a 0022449515
|
| 040 |
|
|
|a BD-DhAAL
|c BD-DhAAL
|
| 082 |
|
|
|a 372.6044
|
| 245 |
|
|
|a McGraw-Hill language arts /
|c McGraw-Hill Companies. McGraw-Hill School Division.
|
| 260 |
|
|
|a New York :
|b McGraw-Hill School Division,
|c ©2001.
|
| 300 |
|
|
|a 621 pages :
|b illustrations ;
|c 28 cm.
|
| 504 |
|
|
|6 Includes index.
|
| 541 |
|
|
|e 6994
|
| 650 |
|
|
|a Language arts (Elementary).
|9 40204
|
| 650 |
|
|
|a Literacy.
|9 40205
|
| 650 |
|
|
|a Reading (Primary).
|9 20416
|
| 710 |
|
|
|a McGraw-Hill Companies. McGraw-Hill School Division.
|9 20417
|
| 852 |
|
|
|a Savar Campus Library
|c General Stacks
|
| 942 |
|
|
|2 ddc
|c BK
|
| 952 |
|
|
|0 0
|1 0
|2 ddc
|4 0
|6 372_604400000000000_MCG
|7 0
|9 59598
|a SCL
|b SCL
|c GEN
|d 2016-09-01
|l 0
|o 372.6044 MCG
|p 3020006994
|r 2016-09-01
|t 1
|w 2016-09-01
|y BK
|